"Adaletle yönetilen bir Türkiye istiyorum" diyorsanız : (Record no. 15446)

MARC details
000 -BAŞLIK
Sabit Uzunlukta Kontrol Alanı 00936nam a22002537a 4500
999 ## - SİSTEM KONTROL NUMARALARI (KOHA)
Koha Biblionumber 15446
Koha Biblioitemnumber 15446
003 - KONTROL NUMARASI IDENTIFIER
Denetim Alanı MIRAKIL
005 - SON İŞLEM TARİHİ VE ZAMANI
Denetim Alanı 20240220113338.0
008 - SABİT-BOY VERİ ELEMANLARI - GENEL BİLGİLER
Sabit Uzunlukta Kontrol Alanı 240220b tu ||||| |||| 00| 0 tur d
040 ## - KATALOGLAMA KAYNAK
Orijinal Kataloglama Ajansı TR-AnCHP
Metne Dönüştürmek Ajansı TR-AnCHP
041 ## - DİL KODU
Metin / Ses Parça Veya Ayrı Başlığın Dil Kodu tur
082 ## - DEWEY ONLU SINIFLANDIRMA NUMARASI
Sınıflandırma Numarası 324.2372
Ürün Numarası C36a [t.y.]
090 ## - SINIFLAMA NUMARASI
Sınıflama Numarası BROŞÜR 626
100 1# - ANA GİRİŞ - KİŞİSEL İSİM
Kişisel Ad Kılıçdaroğlu, Kemal
Bir Adıyla İlişkilendirilen Başlıklar Ve Kelimeler CHP Genel Başkanı
110 ## - ANA GİRİŞ - KURUMSAL ADI
Giriş Elemanı Olarak Kurumsal Ad Veya Yargı Alanı Adı Cumhuriyet Halk Partisi (CHP)
245 10 - BAŞLIK TABLOSU
Başlık "Adaletle yönetilen bir Türkiye istiyorum" diyorsanız :
Başlığın Kalan bize katılın! /
Sorumluluk Tablosu, Vb CHP.
246 ## - UNVAN FORM VARYING
Başlık Doğru / Kısa Başlığı Seçmen ol! oy kullan
250 ## - EDITION TABLOSU
Baskı Beyanı Bize katılın!
260 ## - YAYIN, DAĞITIM, VB
Yayın, Dağıtım, Vb Yeri Ankara :
Yayıncı, Dağıtıcı, Vs Adı CHP ,
Yayın, Dağıtım, Vb Tarihi 2023.
300 ## - FİZİKSEL TANIM
Kapsam 2 s. :
Boyutlar 21 cm.
600 14 - KONU KATMA GİRİŞ - KURUMSAL ADI
9 (RLIN) 1477
Kişisel Ad Kılıçdaroğlu, Kemal
Başlıklar Ve Bir Adla İlişkili Diğer Kelimeler CHP Genel Başkanı
Genel Alt Bölümü Seçim kampanyaları
Kronolojik Alt Bölümü 2023
600 14 - KONU KATMA GİRİŞ - KURUMSAL ADI
9 (RLIN) 1477
Kişisel Ad Kılıçdaroğlu, Kemal
Başlıklar Ve Bir Adla İlişkili Diğer Kelimeler CHP Genel Başkanı
Genel Alt Bölümü Seçim ve propagandalar
856 ## - ELEKTRONİK YER VE ERİŞİM
Kamu Notu Dijital Nüshası için Partimizin Kütüphane Sorumlusu ile iletişime geçiniz.
942 ## - EKLENDİ GİRİŞ ELEMANLARI (KOHA)
Sınıflandırma Veya Raf Düzeni Kaynak Dewey Decimal Classification
Koha Öğesi Türü Books
Holdings
Kalıcı Konum Mevcut Konum Edinme Tarihi Toplam Check-Out'Lar Tam Çağrı Numarası Barkod Tarih Son Görülme İtibaren Geçerli Fiyatlar Koha Öğesi Türü
CHP Kütüphanesi CHP Kütüphanesi 02/20/2024   BROŞÜR 626 21078 02/20/2024 02/20/2024 Books